|
|
|
|
| LEADER |
01371nam a2200325 i 4500 |
| 001 |
c000355000 |
| 003 |
CARM |
| 005 |
00000000000000.0 |
| 008 |
760212s1975 quc b 00010 eng |
| 015 |
|
|
|a C***
|
| 019 |
1 |
|
|a 187200
|5 LACONCORD2021
|
| 020 |
|
|
|a 0912766131 (U.S.A.) :
|c $10.00 (U.S.)
|
| 035 |
|
|
|a (OCoLC)2048396
|5 LACONCORD2021
|
| 043 |
|
|
|a n-us-ny
|
| 050 |
0 |
0 |
|a HV9481.D32
|b C52 1975
|
| 082 |
0 |
0 |
|a 365/.64/0974754
|
| 100 |
1 |
|
|a Cormier, Bruno M.
|
| 245 |
1 |
4 |
|a The watcher and the watched /
|c Bruno M. Cormier.
|
| 260 |
|
|
|a Montreal :
|b Tundra Books,
|c c1975.
|
| 300 |
|
|
|a 330 p. ;
|c 24 cm.
|
| 500 |
|
|
|a Based on papers written by the staff of the McGill Clinic in Forensic Psychiatry at the Dannemora State Hospital's Diagnostic and Treatment Center at Clinton Prison.
|
| 500 |
|
|
|a Distributor statement on publisher slip: Distributed by Scribner's, New York.
|
| 504 |
|
|
|a Bibliography: p. 321-330.
|
| 610 |
2 |
0 |
|a Clinton Prison, Dannemora, N.Y.
|
| 650 |
|
0 |
|a Criminals
|x Rehabilitation
|z New York (State)
|z Dannemora.
|
| 650 |
|
0 |
|a Correctional psychology.
|
| 710 |
2 |
|
|a McGill Clinic in Forensic Psychiatry.
|
| 852 |
8 |
|
|b CARM
|h A1:AM25B0
|i B09598
|p 0434921
|f BK
|
| 999 |
f |
f |
|i c3742202-da81-55f1-acd6-97d7112c510e
|s 1572b4cf-fad4-5c6e-96ef-29deb7e1b1e9
|
| 952 |
f |
f |
|p Can circulate
|a CAVAL
|b CAVAL
|c CAVAL
|d CARM 1 Store
|e B09598
|f A1:AM25B0
|h Other scheme
|i book
|m 0434921
|